Pressupost de la Generalitat de Catalunya, de les seves Entitats Autònomes i de les Entitats Gestores de la Seguretat Social per al...
Descripción Física:
6 v. ; 31 cm
MARC
| LEADER | 00000nam a2200000Ia 4500 | ||
|---|---|---|---|
| 001 | 9319, 9320, 9321, 9322, 9323, 9324 | ||
| 008 | 160829s1984 - 1989 xx 000 0 cat d | ||
| 080 | |a FOL-1-57, FOL-1-58, FOL-1-59, FOL-1-60, FOL-1-61, FOL-1-62 | ||
| 110 | 1 | |a Catalunya. |b Generalitat |9 12125 | |
| 245 | |a Pressupost de la Generalitat de Catalunya, de les seves Entitats Autònomes i de les Entitats Gestores de la Seguretat Social per al... | ||
| 260 | |a Barcelona : |b Departament d'Economia i Finances, |c 1984 - 1989 | ||
| 300 | |a 6 v. ; |c 31 cm | ||
| 610 | 1 | 0 | |a Catalunya. |b Generalitat |x Assignacions pressupostàries i despeses |9 55724 |
| 710 | 1 | |a Catalunya. |b Departament d'Economia i Finances |9 52960 | |
| 901 | |a Arxiu | ||
| 942 | |n 1 | ||
| 952 | |0 0 |1 0 |4 0 |6 FOL157_FOL158_FOL159_FOL160_FOL161_FOL162 |7 1 |9 45406 |a Arxiu |b Arxiu |d 2016-12-01 |l 0 |o FOL-1-57, FOL-1-58, FOL-1-59, FOL-1-60, FOL-1-61, FOL-1-62 |p 9319, 9320, 9321, 93 |r 2016-12-01 00:00:00 |w 2016-12-01 |y ARXIU | ||
| 999 | |c 48513 |d 48513 | ||